000 00489nam a2200181Ia 4500
005 20250326141452.0
008 250326s9999 xx 000 0 und d
037 _aTextbook
040 _aFMSL
_beng
_cFMSL
041 _aeng
_2eng
084 _qFMSL
100 _aClark John B
245 0 _aMarketing today : Success failures and turmaroudnds
_cClark John B
260 _aEnglewood
_bEnglewood, Prentice-Hall
_c1990
300 _a255p
942 _cTB
999 _c1290453
_d1290453